Quiz o Piłce Hiszpańskiej - Statystyki

Ogólne statystyki
  • Ten quiz został rozwiązany 71 razy
    56 od ostatniego zresetowania
  • Średni wynik to 2 z 8
Statystyki odpowiedzi
Zagadnienie Odpowiedź % Poprawnych
Która z tych drużyn nigdy nie spadła z La Liga Athletic Bilbao
67%
Jaka drużyna najczęściej awansowała z Segunda Division do La Liga Real Betis
67%
Kto został najlepszym strzelcem La Furia Roja podczas EURO 2020 Álvaro Morata
33%
Najlepszym Strzelcem Hiszpanii jest David Villa
33%
Ile razy Hiszpańskie kluby wygrywały europejskie puchary (UEFA CL,UEL) 23
0%
Najwięcej zwycięstw w Copa Del Rey ma FC Barcelona (31) kto jest za nimi z ilością 24 zwycięstw Athletic Bilbao
0%
Kto asystował przy bramce Andresa Iniesty dającej w 2010 roku mistrzostwo świata Hiszpanom Cesc Fàbregas
0%
Który z czynnych piłkarzy rozegrał najwięcej meczy La Liga (7.02.2022) Diego Godin
0%
Nie znaleziono quizów pasujących do podanych kryteriów
Rozkład punktacji
Procent ludzi z każdym wynikiem
Percentyl według liczby udzielonych odpowiedzi
Twoja historia wyników
Nie rozwiązałeś tego quizu od ostatniego zresetowania